| 000 | 00369nam a2200157Ia 4500 | ||
|---|---|---|---|
| 008 | 160316s2001 xxu||||| |||| 00| 0 eng d | ||
| 082 |
_a344.046000 _bSTE |
||
| 100 | _a | ||
| 245 | _aStimulation program biodiversity | ||
| 250 | _a | ||
| 260 |
_aThe Hague _bSteering Committee _c2001 |
||
| 300 |
_a16 _b _c |
||
| 365 | _b | ||
| 650 | _a1. Biodiversity | ||
| 700 |
_a _a |
||
| 999 |
_c37460 _d37460 |
||